les personnages bleus dans les Disney - Statistiques

Statistiques générales
  • Ce quiz a été pris 413 fois
  • Le résultat moyen est 8 sur 16
Statistiques - réponses
Questions Reponce % Correct
Quelle émotion est représentée par un personnage bleu dans " Vice-Versa " ? Tristesse
90%
Quel personnage d'Aladdin est bleu ? Le génie
88%
Dans " Monstre et Cie " comment se nomme le meilleur ami de Bob ? Sully
78%
Dans quel Disney croise t-on la fée bleue ? Pinocchio
76%
Comment s'appelle l'oiseau bleu dans " Le roi lion" ? Zazu
76%
Dans quel Disney peut-on voir une chenille bleue obnubilée par l'orthographe et la grammaire ? Alice au pays des merveilles
71%
Quelle profession occupe Monsieur Raie, qui est bleu, dans " Le monde de Némo " ? Professeur
66%
Comment s'appelle le personnage d " Hercule " qui est le messager des dieux ? Hermès
57%
Quel est le prénom de la voiture qui se nomme Carrera dans " Cars " ? Sally
43%
Comment s'appellent les deux sous-fifres d'Hadès, méchant du Disney "Hercule" ? Peine et panique
38%
Comment se prénomme le héros de " 1001 Pattes " ? Tilt
33%
À quelle catégorie de poisson appartient Dory, personnage du " Monde de Némo " ? Poisson chirurgien
32%
Comment se nomme la chienne, reine de concours de beauté que l'on peut croiser dans "Oliver et compagnie" ? Georgette
19%
Comment se prénomme la sœur jumelle qu'évoque Debbie, le poisson de l'aquarium du "Monde de Némo" ? Flo
12%
Comment se prénomme le petit jouet bleu qui represente une paire de jumelles dans " Toy story" ? Lenny
10%
Comment s'appelle le génie diabolique qui a créé Stitch ? Jumbaa
8%
Aucun quiz correspondant
Distribution des résultats
% des personnes avec chaque résultat
Percentile par nombre de réponses
Votre historique - résultats
Vous n’avez pas pris ce quiz